[Event "Tradewise Gibraltar AmatWk1"]
[Site "Gibraltar"]
[Date "2018.01.26"]
[Round "5.2"]
[White "Kuenitz, Klaus"]
[Black "Stamenov, Valeriy"]
[Result "0-1"]
[WhiteElo "1767"]
[BlackElo "1803"]
[PlyCount "78"]
[EventDate "2018.01.22"]
[EventType "swiss"]
[EventRounds "5"]
[EventCountry "GGB"]

1. d4 d5 2. c4 e6 3. Nf3 c6 4. cxd5 exd5 5. Nc3 Bf5 6. Bf4 Qb6 7. Qc1 Nd7 8. e3
Ngf6 9. Be2 h6 10. h3 Be7 11. O-O O-O 12. Rd1 Rfe8 13. Ne5 Nxe5 14. Bxe5 Nd7
15. Bg3 Rac8 16. Bd3 Bxd3 17. Rxd3 Bg5 18. Rb1 Qd8 19. Qd1 Nb6 20. Qg4 Qd7 21.
Qxd7 Nxd7 22. a4 Bd8 23. Rc1 Ba5 24. Na2 Bc7 25. Bxc7 Rxc7 26. a5 a6 27. Nb4
Nf6 28. Rdc3 Rce7 29. Nd3 Ne4 30. R3c2 Nd6 31. b3 f6 32. Nc5 Kf7 33. g3 g5 34.
Kg2 Kg6 35. g4 h5 36. Rh1 h4 37. Re1 Nb5 38. Ree2 Nxd4 39. Re1 Nb5 0-1

[Event "Tradewise Gibraltar AmatWk1"]
[Site "Gibraltar"]
[Date "2018.01.26"]
[Round "5.3"]
[White "Kurzok, Zenon"]
[Black "Cherigui, Mourad"]
[Result "0-1"]
[WhiteElo "1728"]
[BlackElo "1892"]
[PlyCount "50"]
[EventDate "2018.01.22"]
[EventType "swiss"]
[EventRounds "5"]
[EventCountry "GGB"]

1. e4 c5 2. Nf3 Nc6 3. d4 cxd4 4. Nxd4 e5 5. Nf5 d5 6. exd5 Bxf5 7. dxc6 Qxd1+
8. Kxd1 bxc6 9. Be3 O-O-O+ 10. Kc1 Kb7 11. Bc4 Bg6 12. Nc3 Nf6 13. f3 Be7 14.
Rd1 e4 15. fxe4 Nxe4 16. a3 Bd6 17. Nxe4 Bxe4 18. g3 f6 19. b4 Rhe8 20. Bf2 Bf3
21. Re1 a6 22. Rxe8 Rxe8 23. Kd2 Rd8 24. Kc1 Be5 25. Rb1 Rd1# 0-1

[Event "Tradewise Gibraltar AmatWk1"]
[Site "Gibraltar"]
[Date "2018.01.26"]
[Round "5.4"]
[White "Johansson, Daniel 1984"]
[Black "Flynn, David"]
[Result "1/2-1/2"]
[WhiteElo "1832"]
[BlackElo "1876"]
[PlyCount "76"]
[EventDate "2018.01.22"]
[EventType "swiss"]
[EventRounds "5"]
[EventCountry "GGB"]

1. e4 e6 2. Nf3 d5 3. exd5 exd5 4. d4 Bd6 5. Bd3 Ne7 6. Bg5 f6 7. Bh4 c6 8. Bg3
Bf5 9. O-O O-O 10. Re1 Bxd3 11. Bxd6 Qxd6 12. Qxd3 Nd7 13. Nbd2 Ng6 14. g3 Rfe8
15. Rxe8+ Rxe8 16. Re1 Rxe1+ 17. Nxe1 Qb4 18. Qe3 Kf7 19. Nb3 b6 20. h4 Qe7 21.
h5 Ngf8 22. Ng2 Qxe3 23. Nxe3 g6 24. hxg6+ hxg6 25. Kf1 Ne6 26. f4 Nc7 27. Ke2
Ne8 28. g4 Nd6 29. f5 Nf8 30. Nd2 g5 31. Kd3 Ke7 32. c4 dxc4+ 33. Nexc4 Nd7 34.
Nxd6 Kxd6 35. Nc4+ Kd5 36. Ne3+ Kd6 37. Nc4+ Kd5 38. Ne3+ Kd6 1/2-1/2

[Event "Tradewise Gibraltar AmatWk1"]
[Site "Gibraltar"]
[Date "2018.01.26"]
[Round "5.5"]
[White "Marcos Herrero, Francisco"]
[Black "Georgieva, Emilia"]
[Result "1-0"]
[WhiteElo "1876"]
[BlackElo "1848"]
[PlyCount "99"]
[EventDate "2018.01.22"]
[EventType "swiss"]
[EventRounds "5"]
[EventCountry "GGB"]

1. Nf3 d5 2. c4 e6 3. d4 c6 4. b3 Nf6 5. g3 Be7 6. Bg2 b6 7. Nbd2 Bb7 8. O-O
O-O 9. Bb2 Nbd7 10. Qc2 Rc8 11. e4 dxe4 12. Nxe4 Nxe4 13. Qxe4 Nf6 14. Qe2 Qc7
15. Rad1 Rcd8 16. Ne5 c5 17. Bxb7 Qxb7 18. Qf3 Qxf3 19. Nxf3 cxd4 20. Bxd4 Nd7
21. Ne5 Nxe5 22. Bxe5 Bc5 23. Bc7 Rd4 24. Rxd4 Bxd4 25. Rd1 e5 26. Kf1 f6 27.
Ke2 Kf7 28. Bd6 Ra8 29. f4 Ke6 30. fxe5 fxe5 31. Bb4 a5 32. Bd2 a4 33. b4 a3
34. Rc1 Rf8 35. Be3 Bb2 36. Rc2 Rb8 37. Kf3 b5 38. c5 Kd5 39. c6 Bd4 40. Bxd4
Rf8+ 41. Ke2 exd4 42. c7 Rc8 43. Kd3 g6 44. Rc5+ Kd6 45. Kxd4 h6 46. h3 g5 47.
g4 Ke6 48. Rc6+ Kd7 49. Kc5 Re8 50. c8=Q+ 1-0

[Event "Tradewise Gibraltar AmatWk1"]
[Site "Gibraltar"]
[Date "2018.01.26"]
[Round "5.6"]
[White "Jimenez Ruiz, Jose Carlos"]
[Black "Galvan Cipriani, Viviana"]
[Result "0-1"]
[WhiteElo "1874"]
[BlackElo "1826"]
[PlyCount "50"]
[EventDate "2018.01.22"]
[EventType "swiss"]
[EventRounds "5"]
[EventCountry "GGB"]

1. d4 c5 2. d5 e6 3. Nc3 exd5 4. Nxd5 Nf6 5. g3 Nxd5 6. Qxd5 Nc6 7. Nf3 h6 8.
Bf4 d6 9. Bg2 Be6 10. Qd2 d5 11. h4 Bd6 12. e4 Bxf4 13. Qxf4 Qa5+ 14. Qd2 dxe4
15. Qxa5 Nxa5 16. Ne5 Bd5 17. c4 Nxc4 18. Nxc4 Bxc4 19. Bxe4 O-O-O 20. Rc1 Bxa2
21. Rxc5+ Kb8 22. O-O Rc8 23. Ra5 Be6 24. Rfa1 a6 25. b4 Rc4 0-1

[Event "Tradewise Gibraltar AmatWk1"]
[Site "Gibraltar"]
[Date "2018.01.26"]
[Round "5.7"]
[White "Lochte, Szilvia"]
[Black "Anjali, R. Sagar"]
[Result "1-0"]
[WhiteElo "1862"]
[BlackElo "1792"]
[PlyCount "61"]
[EventDate "2018.01.22"]
[EventType "swiss"]
[EventRounds "5"]
[EventCountry "GGB"]

1. d4 Nf6 2. Nf3 g6 3. Bf4 Bg7 4. e3 O-O 5. Be2 d5 6. h3 c5 7. c3 Qb6 8. Qb3
Qxb3 9. axb3 cxd4 10. exd4 Nc6 11. Nbd2 Bf5 12. O-O Ne4 13. Nxe4 Bxe4 14. Rfe1
Rfc8 15. Nd2 Bf5 16. Bb5 Bf6 17. g4 Be6 18. g5 Bg7 19. Kg2 a6 20. Bd3 Bd7 21.
b4 e6 22. Nb3 Ne7 23. Na5 Bc6 24. Ra3 Bf8 25. Rea1 h6 26. h4 Nf5 27. Bxf5 gxf5
28. Nxc6 Rxc6 29. b5 Rb6 30. Ra5 hxg5 31. Bc7 1-0

[Event "Tradewise Gibraltar AmatWk1"]
[Site "Gibraltar"]
[Date "2018.01.26"]
[Round "5.8"]
[White "Mircov, Nicola-Alexandar"]
[Black "Webel, Peter"]
[Result "1-0"]
[WhiteElo "1754"]
[BlackElo "1853"]
[PlyCount "69"]
[EventDate "2018.01.22"]
[EventType "swiss"]
[EventRounds "5"]
[EventCountry "GGB"]

1. e4 c5 2. Nf3 d6 3. d4 cxd4 4. Nxd4 Nf6 5. Nc3 a6 6. Be2 e5 7. Nb3 Be7 8. O-O
O-O 9. a4 Be6 10. Be3 Nc6 11. Bf3 Nb4 12. Nd5 Nfxd5 13. exd5 Bf5 14. Rc1 Rc8
15. c3 Nd3 16. Rb1 Nc5 17. Ra1 Nxb3 18. Qxb3 Bd3 19. Rfe1 f5 20. Be2 Bxe2 21.
Rxe2 f4 22. Bb6 Qd7 23. f3 g5 24. c4 Kg7 25. a5 h5 26. Rc1 Rf5 27. Kh1 g4 28.
Qd3 Rg5 29. b4 h4 30. c5 h3 31. fxg4 Rxg4 32. Qxh3 dxc5 33. Rxe5 Rh8 34. Rxe7+
Qxe7 35. Qxg4+ 1-0

[Event "Tradewise Gibraltar AmatWk1"]
[Site "Gibraltar"]
[Date "2018.01.26"]
[Round "5.9"]
[White "Gonzalez Pabollet, Jesus Maria S"]
[Black "Klementys, Jerzy"]
[Result "1/2-1/2"]
[WhiteElo "1852"]
[BlackElo "1739"]
[PlyCount "52"]
[EventDate "2018.01.22"]
[EventType "swiss"]
[EventRounds "5"]
[EventCountry "GGB"]

1. Nf3 Nf6 2. g3 g6 3. b3 Bg7 4. Bb2 O-O 5. Bg2 d5 6. O-O Re8 7. c4 c6 8. h3
Nbd7 9. d4 Ne4 10. cxd5 cxd5 11. Nc3 Ndf6 12. Rc1 Bd7 13. Ne5 Rc8 14. Kh2 e6
15. Qd3 Nxc3 16. Bxc3 Qb6 17. Nxd7 Nxd7 18. e3 h5 19. h4 Nf6 20. Rc2 Bf8 21.
Bb2 Rc6 22. Rfc1 Rec8 23. Bf3 a6 24. Kg2 Be7 25. Rc3 Rc5 26. Rxc5 Rc6 1/2-1/2

[Event "Tradewise Gibraltar AmatWk1"]
[Site "Gibraltar"]
[Date "2018.01.26"]
[Round "5.10"]
[White "Spanton, Tim R"]
[Black "Atakay, Mustafa"]
[Result "0-1"]
[WhiteElo "1888"]
[BlackElo "1874"]
[PlyCount "66"]
[EventDate "2018.01.22"]
[EventType "swiss"]
[EventRounds "5"]
[EventCountry "GGB"]

1. e4 c6 2. d4 d5 3. exd5 cxd5 4. c4 Nf6 5. Nc3 Nc6 6. Nf3 Bg4 7. cxd5 Nxd5 8.
Qb3 Bxf3 9. gxf3 e6 10. Qxb7 Nxd4 11. Bb5+ Nxb5 12. Qc6+ Ke7 13. Qxb5 Qd7 14.
Nxd5+ Qxd5 15. Qxd5 exd5 16. Be3 Ke6 17. O-O-O Rc8+ 18. Kb1 Bc5 19. Rhe1 Bxe3
20. fxe3 Rhd8 21. Rd4 Rc4 22. Rxc4 dxc4 23. Kc2 Rd3 24. b3 Kd5 25. Rd1 Rxd1 26.
Kxd1 g5 27. b4 c3 28. Kc2 Kc4 29. b5 f5 30. a4 h5 31. f4 g4 32. e4 h4 33. exf5
g3 0-1

[Event "Tradewise Gibraltar AmatWk1"]
[Site "Gibraltar"]
[Date "2018.01.26"]
[Round "5.11"]
[White "Murray, J Stephen"]
[Black "Hilton, Tim"]
[Result "0-1"]
[WhiteElo "1771"]
[BlackElo "1868"]
[PlyCount "68"]
[EventDate "2018.01.22"]
[EventType "swiss"]
[EventRounds "5"]
[EventCountry "GGB"]

1. e4 e6 2. d4 d5 3. Nd2 Nc6 4. c3 Nf6 5. e5 Nd7 6. Ngf3 f6 7. exf6 Qxf6 8. Bb5
Bd6 9. Qe2 O-O 10. O-O e5 11. Bxc6 bxc6 12. dxe5 Nxe5 13. Nxe5 Bxe5 14. Nf3 Bd6
15. Bg5 Qg6 16. Bh4 Bg4 17. Bg3 Rae8 18. Qd2 Bxf3 19. gxf3 Rxf3 20. Rae1 Rff8
21. Re2 h5 22. Kh1 Bxg3 23. hxg3 h4 24. Rxe8 Rxe8 25. gxh4 Qe4+ 26. f3 Qxh4+
27. Kg2 Re6 28. Rf2 Rg6+ 29. Kf1 Qh1+ 30. Ke2 Re6+ 31. Kd3 Qh7+ 32. Kd4 Re4+
33. fxe4 Qxe4+ 34. Kc5 Qc4# 0-1

[Event "Tradewise Gibraltar AmatWk1"]
[Site "Gibraltar"]
[Date "2018.01.26"]
[Round "5.12"]
[White "Pena, Helio Adelino Silva"]
[Black "Odiase, Oluwaseun"]
[Result "0-1"]
[WhiteElo "1894"]
[BlackElo "1768"]
[PlyCount "123"]
[EventDate "2018.01.22"]
[EventType "swiss"]
[EventRounds "5"]
[EventCountry "GGB"]

1. e4 d6 2. d4 g6 3. Bc4 Bg7 4. Ne2 a6 5. O-O e6 6. Re1 Ne7 7. Nbc3 b5 8. Bb3
Bb7 9. d5 e5 10. Ng3 Nd7 11. Nce2 Nc5 12. c3 Nxb3 13. axb3 O-O 14. f4 exf4 15.
Bxf4 Nc8 16. Qd2 Re8 17. Nd4 Nb6 18. Re2 Nd7 19. Nf3 Ne5 20. Nxe5 dxe5 21. Bg5
Qd6 22. Rf1 f6 23. Bh6 c6 24. Bxg7 Kxg7 25. Ref2 Rf8 26. c4 Rad8 27. Qe2 Qc5
28. Kh1 Bc8 29. h3 Bd7 30. Rf3 bxc4 31. bxc4 cxd5 32. cxd5 Bb5 33. Qf2 Qxf2 34.
R1xf2 Rc8 35. Ne2 Bxe2 36. Rxe2 Rc4 37. Ra3 Ra8 38. Rb3 Ra7 39. Rb6 a5 40. Rc6
Rxc6 41. dxc6 Kf7 42. Rc2 Rc7 43. b3 Ke6 44. Rc5 Kd6 45. Rxa5 Rxc6 46. Rd5+ Ke6
47. Rd3 f5 48. exf5+ gxf5 49. Rd1 Rb6 50. Rb1 Rb4 51. Kg1 f4 52. Kf2 e4 53. g3
Ke5 54. gxf4+ Kxf4 55. Ke2 h5 56. Rf1+ Kg3 57. Ke3 Kxh3 58. Rg1 h4 59. Rg8 Kh2
60. Rg4 h3 61. Kf2 e3+ 62. Ke2 0-1

[Event "Tradewise Gibraltar AmatWk1"]
[Site "Gibraltar"]
[Date "2018.01.26"]
[Round "5.13"]
[White "Dennis, Nigel W"]
[Black "Ocana, Jeremy"]
[Result "1-0"]
[WhiteElo "1804"]
[BlackElo "1705"]
[PlyCount "101"]
[EventDate "2018.01.22"]
[EventType "swiss"]
[EventRounds "5"]
[EventCountry "GGB"]

1. e4 d6 2. d4 Nf6 3. Nc3 e5 4. dxe5 dxe5 5. Qxd8+ Kxd8 6. Nf3 Bd6 7. Be2 a6 8.
h3 h6 9. Be3 Be6 10. O-O-O Nc6 11. g4 g5 12. Nh2 b5 13. f3 Ke7 14. Nf1 Nd7 15.
Ng3 Bb4 16. Nd5+ Bxd5 17. exd5 Nd8 18. h4 Bc5 19. Bxc5+ Nxc5 20. hxg5 Ndb7 21.
Nf5+ Kd7 22. gxh6 Nd6 23. Nxd6 cxd6 24. Bd3 Nxd3+ 25. Rxd3 Rac8 26. Rc3 Rxc3
27. bxc3 Ke7 28. g5 Rh7 29. Kb2 Kd7 30. Kb3 Kc7 31. c4 Kb6 32. cxb5 axb5 33. c4
Kc5 34. cxb5 Kxb5 35. Rc1 f6 36. a4+ Ka5 37. Rc6 fxg5 38. Rxd6 Rf7 39. Rc6
Rxf3+ 40. Rc3 Rf7 41. Rc5+ Kb6 42. Rb5+ Ka6 43. d6 g4 44. Rxe5 Rd7 45. Rh5 g3
46. h7 g2 47. Rg5 Rxh7 48. Rxg2 Rb7+ 49. Kc4 Ka5 50. Rd2 Rd7 51. Kc5 1-0

[Event "Tradewise Gibraltar AmatWk1"]
[Site "Gibraltar"]
[Date "2018.01.26"]
[Round "5.14"]
[White "Longdin, Michael"]
[Black "Walshaw, David"]
[Result "0-1"]
[WhiteElo "1787"]
[BlackElo "1689"]
[PlyCount "106"]
[EventDate "2018.01.22"]
[EventType "swiss"]
[EventRounds "5"]
[EventCountry "GGB"]

1. d4 g6 2. Bf4 Bg7 3. Nc3 c5 4. d5 Bxc3+ 5. bxc3 f5 6. Be5 Nf6 7. c4 Qa5+ 8.
c3 d6 9. Bxf6 exf6 10. Qc2 Nd7 11. Nf3 Nb6 12. e3 Qa3 13. Rb1 Bd7 14. Bd3 Qa6
15. Nd2 O-O 16. O-O Ba4 17. Qb2 Nxd5 18. Rfc1 Nb6 19. Bf1 Rab8 20. Qa3 Bb5 21.
Qxa6 Bxa6 22. g3 d5 23. cxd5 Bxf1 24. Kxf1 Nxd5 25. c4 Nb4 26. a3 Nd3 27. Rc3
Rfd8 28. Ke2 Nxf2 29. Nf3 Ne4 30. Rcc1 b6 31. a4 Rd6 32. a5 Rbd8 33. axb6 Rxb6
34. Rxb6 axb6 35. Rc2 Kf7 36. Ne1 Ra8 37. Nd3 Ra1 38. Rb2 Rh1 39. Rxb6 Rxh2+
40. Ke1 Rc2 41. Rb7+ Kg8 42. Rc7 Rxc4 43. Nf4 Rc1+ 44. Ke2 Rc2+ 45. Kd3 Rd2+
46. Kc4 Rd1 47. Ne6 Nd2+ 48. Kb5 Rb1+ 49. Kc6 Rb8 50. Nxc5 Ne4 51. Ne6 Re8 52.
Rg7+ Kh8 53. Rd7 Rxe6+ 0-1

[Event "Tradewise Gibraltar AmatWk1"]
[Site "Gibraltar"]
[Date "2018.01.26"]
[Round "5.15"]
[White "Haddock, Paul"]
[Black "Jenssveen, Trym"]
[Result "0-1"]
[WhiteElo "1580"]
[BlackElo "1772"]
[PlyCount "76"]
[EventDate "2018.01.22"]
[EventType "swiss"]
[EventRounds "5"]
[EventCountry "GGB"]

1. e4 e5 2. Nf3 Nc6 3. Bc4 Bc5 4. b4 Bxb4 5. c3 Ba5 6. Qb3 Qe7 7. d4 exd4 8.
O-O d6 9. Bg5 Nf6 10. cxd4 h6 11. Bd2 Bxd2 12. Nbxd2 O-O 13. Qc2 d5 14. exd5
Nb4 15. Qb3 Qd6 16. Ne5 Nbxd5 17. Ndf3 c6 18. Rfe1 Qb4 19. Qd3 Qc3 20. Bxd5
Nxd5 21. Qe4 Nf6 22. Qh4 Be6 23. Rac1 Qa3 24. Rb1 Bd5 25. Rxb7 Qxa2 26. Nd7
Nxd7 27. Rxd7 Rab8 28. h3 a5 29. Ne5 Rfe8 30. Qf4 a4 31. Kh2 a3 32. Nxc6 Rxe1
33. Qxb8+ Kh7 34. Rd8 Qxf2 35. Rh8+ Kg6 36. Ne5+ Rxe5 37. Qb6+ Re6 38. Qb1+ Be4
0-1

[Event "Tradewise Gibraltar AmatWk1"]
[Site "Gibraltar"]
[Date "2018.01.26"]
[Round "5.16"]
[White "Ajayi, Ayokanmi"]
[Black "D'haluin, Wim"]
[Result "0-1"]
[WhiteElo "1537"]
[BlackElo "1764"]
[PlyCount "66"]
[EventDate "2018.01.22"]
[EventType "swiss"]
[EventRounds "5"]
[EventCountry "GGB"]

1. Nf3 c5 2. g3 Nc6 3. Bg2 g6 4. d3 Bg7 5. e4 d6 6. Nbd2 Nf6 7. O-O Bg4 8. h3
Bd7 9. c3 b5 10. Qe2 Rc8 11. Ne1 O-O 12. f4 b4 13. g4 bxc3 14. bxc3 Qa5 15. Bb2
Rb8 16. Nc4 Qc7 17. Ne3 Bc8 18. Nf3 c4 19. Nxc4 Ba6 20. Nfd2 Na5 21. e5 Ne8 22.
Bd5 Qc5+ 23. Qf2 Qxd5 24. Qxa7 Bb7 25. Ne3 Qxd3 26. Rad1 Ra8 27. Qb6 dxe5 28.
fxe5 Bxe5 29. Nf3 Qe4 30. Nxe5 Qxe5 31. Ng2 Qe4 32. Qf2 Nc4 33. Rfe1 Qxg2+ 0-1

[Event "Tradewise Gibraltar AmatWk1"]
[Site "Gibraltar"]
[Date "2018.01.26"]
[Round "5.17"]
[White "Koreywo, Witold"]
[Black "Sevillano Garcia, Joaquin"]
[Result "1/2-1/2"]
[WhiteElo "1545"]
[BlackElo "1751"]
[PlyCount "29"]
[EventDate "2018.01.22"]
[EventType "swiss"]
[EventRounds "5"]
[EventCountry "GGB"]

1. d4 Nf6 2. Nf3 c5 3. c3 cxd4 4. cxd4 g6 5. Nc3 Bg7 6. Bf4 O-O 7. e3 Qa5 8.
Qc2 d6 9. Be2 Bf5 10. Qa4 Nc6 11. Qxa5 Nxa5 12. O-O Rfc8 13. Nd2 a6 14. e4 Bd7
15. Be3 1/2-1/2

[Event "Tradewise Gibraltar AmatWk1"]
[Site "Gibraltar"]
[Date "2018.01.26"]
[Round "5.18"]
[White "Olde, Karl Erik"]
[Black "Mielke, Torsten"]
[Result "1/2-1/2"]
[WhiteElo "1402"]
[BlackElo "1739"]
[PlyCount "130"]
[EventDate "2018.01.22"]
[EventType "swiss"]
[EventRounds "5"]
[EventCountry "GGB"]

1. d4 d5 2. c4 Bf5 3. Nc3 e6 4. e3 Nf6 5. Nf3 Nc6 6. Be2 Be7 7. O-O O-O 8. b3
a6 9. Bb2 dxc4 10. Bxc4 b5 11. Bd3 Bxd3 12. Qxd3 Nb4 13. Qd2 c5 14. a3 Nc6 15.
dxc5 Bxc5 16. Qxd8 Rfxd8 17. Rac1 Be7 18. Nxb5 axb5 19. Rxc6 Bxa3 20. Bxa3 Rxa3
21. Nd4 h6 22. Rb6 Rd5 23. Rxb5 Rxb5 24. Nxb5 Rxb3 25. Nd4 Rb2 26. h3 Ne4 27.
Nf3 g5 28. Nd4 Kg7 29. g4 Kg6 30. Kg2 h5 31. Nc6 h4 32. Ne5+ Kg7 33. Nd3 Rd2
34. Ne5 Kf6 35. Nf3 Ra2 36. Nd4 Ng3 37. Rc1 Ne4 38. Rc2 Rxc2 39. Nxc2 Ke5 40.
Nd4 Nd2 41. Nc6+ Kd6 42. Nd4 Kd5 43. f3 Nc4 44. Kf2 Ne5 45. Ke2 Nc6 46. Nxc6
Kxc6 47. f4 f6 48. Kf3 Kd5 49. e4+ Kd6 50. e5+ Ke7 51. exf6+ Kxf6 52. fxg5+
Kxg5 53. Ke4 Kf6 54. Kd4 Ke7 55. Ke5 Kf7 56. Kf4 Kg6 57. Kf3 Kf6 58. Ke3 Ke5
59. Kd3 Kd5 60. Kc3 Ke5 61. Kc4 Kf4 62. Kd3 Ke5 63. Ke3 Kf6 64. Kd4 Kg7 65. Ke5
Kf7 1/2-1/2

[Event "Tradewise Gibraltar AmatWk1"]
[Site "Gibraltar"]
[Date "2018.01.26"]
[Round "5.19"]
[White "Khoo-Thwe, Louis"]
[Black "Lopez Diaz, Rafael"]
[Result "1/2-1/2"]
[WhiteElo "1724"]
[BlackElo "1687"]
[PlyCount "53"]
[EventDate "2018.01.22"]
[EventType "swiss"]
[EventRounds "5"]
[EventCountry "GGB"]

1. e4 e5 2. Nf3 Nc6 3. Bc4 Nf6 4. d3 Be7 5. O-O d5 6. exd5 Nxd5 7. Re1 O-O 8.
Nxe5 Be6 9. Nxc6 bxc6 10. Nd2 Bf6 11. Ne4 Bd4 12. Ng5 Qf6 13. Ne4 Qg6 14. Qf3
f5 15. Ng5 Rf6 16. Nxe6 Rxe6 17. Bxd5 cxd5 18. Qxd5 Rae8 19. c3 Qf7 20. Rf1
Bxf2+ 21. Kh1 Re2 22. Qxf7+ Kxf7 23. b3 Rc2 24. Bg5 Ree2 25. Rfc1 Rxa2 26. Rxa2
Rxa2 27. Bf4 1/2-1/2

[Event "Tradewise Gibraltar AmatWk1"]
[Site "Gibraltar"]
[Date "2018.01.26"]
[Round "5.20"]
[White "Jackson, Paul R"]
[Black "Francois-Haugrin, Said"]
[Result "1/2-1/2"]
[WhiteElo "1503"]
[BlackElo "1714"]
[PlyCount "125"]
[EventDate "2018.01.22"]
[EventType "swiss"]
[EventRounds "5"]
[EventCountry "GGB"]

1. d4 Nf6 2. Nf3 e6 3. c3 h6 4. Bf4 d5 5. e3 Nh5 6. Bg3 Nxg3 7. hxg3 c5 8. Bb5+
Bd7 9. Bxd7+ Nxd7 10. Nbd2 cxd4 11. exd4 Bd6 12. Qb3 Nb6 13. Qb5+ Qd7 14. Qe2
O-O-O 15. Ne5 Bxe5 16. Qxe5 f6 17. Qe2 Kb8 18. O-O-O Rc8 19. Kb1 Rhe8 20. Qd3
e5 21. dxe5 fxe5 22. Rhe1 Qg4 23. Qf3 Qg6+ 24. Ka1 Qc2 25. Nb3 Qg6 26. Qd3 e4
27. Qe3 Rf8 28. Nd4 Nc4 29. Qc1 Rxf2 30. Re2 Qxg3 31. Rxf2 Qxf2 32. Rf1 Qe3 33.
Qd1 Ne5 34. Qh5 Qg5 35. Qxg5 hxg5 36. Rf5 Re8 37. Rxg5 g6 38. a3 a6 39. Ne2 Kc7
40. Nf4 Kd6 41. Kb1 Rh8 42. Kc2 Rh2 43. Nxg6 Nxg6 44. Rxg6+ Ke5 45. Kd2 Kf4 46.
Ke2 Rh1 47. Rg7 b5 48. Rf7+ Ke5 49. Ke3 Re1+ 50. Kd2 Rb1 51. Kc2 Rg1 52. Rf2 e3
53. Re2 Kf4 54. Kd3 Rd1+ 55. Kc2 Rf1 56. Kd3 Rf2 57. b4 Rf1 58. Rxe3 Rd1+ 59.
Ke2 Ra1 60. g3+ Kg4 61. Kd3 Rd1+ 62. Kc2 Ra1 63. Kd3 1/2-1/2

[Event "Tradewise Gibraltar AmatWk1"]
[Site "Gibraltar"]
[Date "2018.01.26"]
[Round "5.21"]
[White "Guegan, Michel"]
[Black "Kearsley, Raymond J"]
[Result "1/2-1/2"]
[WhiteElo "1713"]
[BlackElo "1655"]
[PlyCount "61"]
[EventDate "2018.01.22"]
[EventType "swiss"]
[EventRounds "5"]
[EventCountry "GGB"]

1. d4 d5 2. Nf3 Bf5 3. c4 e6 4. Qb3 Nc6 5. c5 Rb8 6. Bf4 Nf6 7. e3 a6 8. Qa4
Qd7 9. Nc3 Be7 10. Be2 O-O 11. O-O h6 12. b4 Ne4 13. Nxe4 Bxe4 14. b5 axb5 15.
Bxb5 Bxf3 16. gxf3 Rfd8 17. Bxc6 bxc6 18. Qc2 g5 19. Be5 f5 20. a4 Bf6 21. f4
Bxe5 22. fxe5 f4 23. Qg6+ Kh8 24. Qxh6+ Qh7 25. Qxe6 Qh5 26. h3 g4 27. hxg4 Rg8
28. Qf6+ Kh7 29. Qe7+ Kh8 30. Qf6+ Kh7 31. Qe7+ 1/2-1/2

[Event "Tradewise Gibraltar AmatWk1"]
[Site "Gibraltar"]
[Date "2018.01.26"]
[Round "5.22"]
[White "Volovik, Konstantin"]
[Black "Greco, Joseph"]
[Result "0-1"]
[WhiteElo "1701"]
[BlackElo "1650"]
[PlyCount "138"]
[EventDate "2018.01.22"]
[EventType "swiss"]
[EventRounds "5"]
[EventCountry "GGB"]

1. b4 d5 2. Bb2 Nf6 3. e3 e6 4. b5 c5 5. a4 a6 6. Be2 Bd6 7. Nf3 O-O 8. c4 dxc4
9. Bxc4 axb5 10. axb5 Rxa1 11. Bxa1 b6 12. Nc3 Bb7 13. d3 Qc7 14. h3 Nbd7 15.
O-O Bxf3 16. Qxf3 Ne5 17. Qe2 Nxc4 18. dxc4 Ra8 19. Bb2 h6 20. e4 Be5 21. Ra1
Rxa1+ 22. Bxa1 Bd4 23. Bb2 Qe5 24. Qd3 Bxc3 25. Bxc3 Qxe4 26. Qd8+ Kh7 27. Bxf6
gxf6 28. Qxf6 Qb7 29. f3 Qd7 30. Kh2 Qd6+ 31. f4 Qc7 32. h4 Qd7 33. g3 Qc7 34.
Kh3 Qd7 35. Qe5 Qd3 36. Qf6 Qd7 37. Kg2 Qd2+ 38. Kf1 Qd3+ 39. Ke1 Qxg3+ 40. Ke2
Qg2+ 41. Ke3 Qg3+ 42. Ke4 Qg6+ 43. Ke5 h5 44. Qg5 Qxg5+ 45. fxg5 Kg6 46. Kd6
Kf5 47. Kc6 e5 48. Kxb6 e4 49. Kc7 e3 50. b6 e2 51. b7 e1=Q 52. b8=Q Qe5+ 53.
Kb7 Qxb8+ 54. Kxb8 Kg4 55. Kc7 Kxh4 56. Kc6 Kxg5 57. Kxc5 h4 58. Kd6 h3 59. c5
h2 60. c6 h1=Q 61. c7 Qd1+ 62. Ke7 Qc2 63. Kd7 Qd3+ 64. Ke7 Qc4 65. Kd7 Qd5+
66. Ke7 Qc6 67. Kd8 Qd6+ 68. Kc8 f5 69. Kb7 Qxc7+ 0-1

[Event "Tradewise Gibraltar AmatWk1"]
[Site "Gibraltar"]
[Date "2018.01.26"]
[Round "5.24"]
[White "Oliva Parra, Ernesto"]
[Black "Lake, Andrew N"]
[Result "0-1"]
[WhiteElo "1560"]
[BlackElo "1703"]
[PlyCount "136"]
[EventDate "2018.01.22"]
[EventType "swiss"]
[EventRounds "5"]
[EventCountry "GGB"]

1. e4 d6 2. d4 Nf6 3. Nc3 c6 4. h3 Nbd7 5. Nf3 e5 6. dxe5 dxe5 7. Bc4 Be7 8. a3
Qc7 9. O-O O-O 10. Re1 h6 11. Bd2 Nc5 12. Qc1 Kh7 13. b4 Ne6 14. Bd3 Nh5 15.
Ne2 g5 16. Nh2 Nef4 17. Nxf4 Nxf4 18. Bf1 Be6 19. Qb2 f6 20. Rad1 Rfd8 21. Bxf4
gxf4 22. Qc3 Bf7 23. Qf3 Rg8 24. Kh1 Rad8 25. Bd3 a5 26. c3 axb4 27. axb4 Qb6
28. Kg1 Rg7 29. Bf1 Rg3 30. Qe2 Rxc3 31. Rxd8 Qxd8 32. Rd1 Qe8 33. Qb2 Rc4 34.
Bxc4 Bxc4 35. Qd2 Be6 36. Ng4 h5 37. Nh2 Qf8 38. Rb1 Qg8 39. Qc3 Kh6 40. Qf3
Qg6 41. Qd3 f5 42. f3 fxe4 43. fxe4 Bd5 44. Re1 Bxb4 45. Re2 Bc5+ 46. Kh1 b5
47. Qc2 Bc4 48. Re1 Bb4 49. Rb1 c5 50. Kg1 Bd5 51. Qe2 Bxe4 52. Rb3 Bd5 53. Rb2
Qf6 54. Qxb5 Qg6 55. Qf1 Qg3 56. Qa6+ Kg5 57. Qf1 Bc3 58. Rc2 Bd4+ 59. Kh1 Qxh3
60. Rd2 Qh4 61. Rd3 Bc4 62. Rh3 Bxf1 63. Nf3+ Kh6 64. Nxh4 e4 65. Nf5+ Kg5 66.
Nxd4 cxd4 67. Ra3 d3 68. Kg1 d2 0-1

[Event "Tradewise Gibraltar AmatWk1"]
[Site "Gibraltar"]
[Date "2018.01.26"]
[Round "5.25"]
[White "Volkov, Andreiy"]
[Black "Savage, Neil"]
[Result "1-0"]
[WhiteElo "1698"]
[BlackElo "1630"]
[PlyCount "76"]
[EventDate "2018.01.22"]
[EventType "swiss"]
[EventRounds "5"]
[EventCountry "GGB"]

1. e4 g6 2. d4 Bg7 3. Nf3 d6 4. Bd3 Nf6 5. Nc3 c6 6. Be3 Bg4 7. Qd2 O-O 8. h3
Bxf3 9. gxf3 Nbd7 10. Bh6 e5 11. d5 c5 12. O-O-O a6 13. Rdg1 b5 14. h4 Nh5 15.
Qg5 Ndf6 16. Bf1 Bxh6 17. Qxh6 Kh8 18. Kb1 Nf4 19. Ne2 Qa5 20. c3 Nxe2 21. Bxe2
b4 22. c4 Nh5 23. Bd1 Nf4 24. h5 Qc7 25. Rg4 Qe7 26. hxg6 fxg6 27. Rgh4 Rf7 28.
Ba4 Raf8 29. Bc6 Nh5 30. Rg4 Qf6 31. Rhg1 Rg7 32. Ba4 Qxf3 33. Rxg6 Rxg6 34.
Rxg6 Qxe4+ 35. Kc1 Qxg6 36. Qxf8+ Qg8 37. Qxd6 Qg1+ 38. Bd1 Qg5+ 1-0

[Event "Tradewise Gibraltar AmatWk1"]
[Site "Gibraltar"]
[Date "2018.01.26"]
[Round "5.26"]
[White "Yilmaz, Kazim"]
[Black "Naldrett, Geoffrey"]
[Result "1-0"]
[WhiteElo "1656"]
[BlackElo "1547"]
[PlyCount "59"]
[EventDate "2018.01.22"]
[EventType "swiss"]
[EventRounds "5"]
[EventCountry "GGB"]

1. e4 e5 2. Nf3 Nc6 3. Bb5 a6 4. Bxc6 dxc6 5. O-O Bg4 6. Nc3 Bc5 7. d3 Qf6 8.
Be3 Bxf3 9. Qxf3 Qxf3 10. gxf3 Bd6 11. Ne2 Ne7 12. f4 f6 13. f5 c5 14. f4 Nc6
15. fxe5 Nxe5 16. Bf4 Nf7 17. Bxd6 cxd6 18. Nf4 Nd8 19. Nd5 Rc8 20. c3 Rc6 21.
a4 Kd7 22. b4 cxb4 23. cxb4 Nf7 24. b5 Rc5 25. bxa6 Rxd5 26. exd5 bxa6 27. Rab1
Rc8 28. d4 Rc4 29. Rb7+ Ke8 30. Re1+ 1-0